Sanctus Gregorian Now (Record n. 100470)

Dettagli MARC
000 -LEADER
fixed length control field 01039njm a2200289Ia 4500
001 - CONTROL NUMBER
control field D7445
003 - CONTROL NUMBER IDENTIFIER
control field IT-RoPAU
005 - DATE AND TIME OF LATEST TRANSACTION
control field 20220918181129.0
008 - FIXED-LENGTH DATA ELEMENTS--GENERAL INFORMATION
fixed length control field 131025s9999 xx 000 0 und d
040 ## - CATALOGING SOURCE
Original cataloging agency IT-RoPAU
040 ## - CATALOGING SOURCE
Transcribing agency IT-RoPAU
999 ## - SYSTEM CONTROL NUMBERS (KOHA)
Koha Dewey Subclass [OBSOLETE] n.d.
100 ## - MAIN ENTRY--PERSONAL NAME
Personal name Facchini Carlo
9 (RLIN) 31124
100 ## - MAIN ENTRY--PERSONAL NAME
Relator term Autore musica
9 (RLIN) 31125
100 ## - MAIN ENTRY--PERSONAL NAME
Miscellaneous information Codice autore musica SPICS: 46247
9 (RLIN) 31126
245 ## - TITLE STATEMENT
Title Sanctus Gregorian Now
250 ## - EDITION STATEMENT
Edition statement 1a ed.
260 ## - PUBLICATION, DISTRIBUTION, ETC. (IMPRINT)
Place of publication, distribution, etc. ALBANO
260 ## - PUBLICATION, DISTRIBUTION, ETC. (IMPRINT)
Name of publisher, distributor, etc. EP - MUSICALI E DISCOGRAFICHE
Date of publication, distribution, etc. 1996 [1a Ed.:1996 - Ed. Lingua Orig.: 1996]
300 ## - PHYSICAL DESCRIPTION
Extent COMPACT DISC
300 ## - PHYSICAL DESCRIPTION
Dimensions 49 minuti (Testo: pag.)
500 ## - GENERAL NOTE
General note Musica religiosa. Canto gregoriano.
505 ## - FORMATTED CONTENTS NOTE
Formatted contents note Sanctus - Pater noster - Dextera domini - Regina coeli - Gloria - Victimae paschalis - Pascha nostrum - Resurrexit - Isti sunt agni novelli - Litanie - Processio
650 ## - SUBJECT ADDED ENTRY--TOPICAL TERM
Topical term or geographic name as entry element GREGORIANO [COMPACT DISC]
Relator term Codice MATERIA SPICS: 9949
9 (RLIN) 28233
700 ## - ADDED ENTRY--PERSONAL NAME
Personal name Facchini Carlo
Miscellaneous information Codice interprete SPICS: 46247
Relator term Interprete
9 (RLIN) 31127
942 ## - ADDED ENTRY ELEMENTS (KOHA)
Koha item type CD AUDIO
Source of classification or shelving scheme Dewey Decimal Classification
Dati di copia
Withdrawn status Lost status Damaged status Not for loan Home library Current library Date acquired Total Checkouts Full call number Date last seen Price effective from Koha item type Public note
    Buone Condizioni Not For Loan SPICS-MEDIATECA SPICS-MEDIATECA 25/10/2013   D7445 25/10/2013 25/10/2013 CD AUDIO Progr. Ins.: 2169 / N.Vol.: 1 / Copie: 1 - Copia rara: n.d. / date import: 01.01.2014 - By Epidotti, Trombetti, Vaglietti
CREDITS: SOCIETA' SAN PAOLO Via A.Severo, 58 - ROMA (RM) & PERIODICI SAN PAOLO SRL Via Giotto, 36 MILANO & CISF Via Giotto, 36 MILANO & EDIZIONI SAN PAOLO SRL,  Piazza Soncino, 5 CINISELLO BALSAMO (MI) -- ITALY